000 00289nam a22001337a 4500
008 171201b xxu||||| |||| 00| 0 eng d
020 _a671359001
041 _aeng
080 _a32
100 _a16
101 _aSHP
245 _aA REVOLUTION IN ARREARS
_cWOOTON, L.M
942 _2udc
_cBK
999 _c38702
_d38702